| 000 | 00572nam a2200193Ia 4500 | ||
|---|---|---|---|
| 003 | GCL | ||
| 008 | 140319s9999 xx 000 0 eng d | ||
| 040 |
_aGCL / _cGCL |
||
| 082 | 0 | 4 |
_a005.2 _bK I |
| 100 | 1 | _aKUMAR, VIPIN | |
| 245 | 1 | 0 |
_aINTRODUCTION TO PARAILEL COMPUTING: DESIGN AND ANALYSIS OF ALYORITHMS / _cKUMAR, VIPIN |
| 700 | 1 | _aGRAMA, ANANTH | |
| 260 |
_a[S.N] : _bTHE BENJAMIN\ CUMMINGS PUBLISHING COMPAN ، _c1994 |
||
| 300 | _a597 P | ||
| 650 | 0 | 4 | _aPARALLEL PROCESSING |
| 650 | 0 | 4 | _aELECTRONIC COMPUTER |
| 650 | 0 | 4 | _aCOMPUTER ALGORITHMS |
| 942 |
_2ddc _cBK |
||
| 999 |
_c25008 _d25008 |
||